Mathematische Unterrichtspraxis Zeitschrift fur den Mathematikunterricht

Αποθηκεύτηκε σε:
Λεπτομέρειες βιβλιογραφικής εγγραφής
Μορφή: Περιοδική έκδοση
Γλώσσα:German
Δημοσίευση: Seelze : Kallmeyer, 1980-2000
Θέματα:
Ετικέτες: Προσθήκη ετικέτας
Δεν υπάρχουν, Καταχωρήστε ετικέτα πρώτοι!

MARC

LEADER 00000nas a2200000 i 4500
001 1/80475
008 080404d19802000ge ger d
022 |a 07218419 
035 |l 10096224 
040 |a GR-MY-UA  |b gre  |e aacr 
041 0 |a ger 
082 0 |a 510.7  |2 (22) 
245 1 0 |a Mathematische Unterrichtspraxis  |h [περιοδικό] :  |b Zeitschrift fur den Mathematikunterricht 
260 |a Seelze :   |b Kallmeyer,   |c 1980-2000 
300 |a τ.;  |b εικ.;  |c 24 εκ. 
310 |a Τριμηνιαίο 
650 0 0 |a Mathematics  |x Study and teaching  |x Periodicals. 
901 |a BIBL4-2008-1 
970 |a ΚΟΖΑ  |b ΜΑΡΙΑ  |z 2008/04/04